Paroles "Imagine" de Carbone - Statistiques

Statistiques générales
  • Ce quiz a été pris 238 fois
  • Le résultat moyen est 273 sur 415
Statistiques - réponses
Paroles % Correct
imagine
99%
Imagine
99%
Le
98%
ma
97%
m'a
97%
Elle
95%
elle
95%
les
95%
sous
95%
parasols
94%
92%
la
92%
de
91%
a
89%
à
89%
me
86%
parano
85%
m'dit
84%
et
82%
Madère
82%
j'deviens
81%
j'm'imagine
81%
prénom
81%
raison,
79%
raison
79%
son
79%
je
78%
mon
78%
nom
78%
derrière
77%
veut
77%
que
75%
perdre
74%
perdre,
74%
qu'elle
72%
tête
72%
J'perds
71%
j'crois
70%
J'crois
70%
sa
69%
ça
67%
tourner
67%
mais
66%
Mais
66%
qui
66%
c'est
65%
non
65%
veste,
65%
veste
65%
jamais
64%
retourné
64%
voir
61%
deviens
59%
m'fait
59%
se
57%
fait
54%
pas
54%
Buenos
52%
Rio
52%
quand
51%
Rome
51%
Aires
49%
Au
49%
au
49%
vie
48%
des
46%
changer
44%
d'un
44%
Loin
44%
loin
44%
d'air
43%
Paname
43%
milliardaire
42%
paris
42%
Paris
42%
y
42%
aime
41%
sur
41%
ses
40%
choses
39%
quitter
39%
Rosario
39%
S'en
39%
aux
38%
clair,
38%
Dali,
38%
Dali
38%
On
38%
on
38%
aller
37%
est
37%
Mada
37%
simples,
37%
défauts,
36%
J'aime
36%
perds
36%
qualités
36%
retourner
36%
Venise
36%
balades
35%
dans
35%
kiffer
35%
nez
35%
autres,
34%
c'était
34%
Falbala
34%
faux
34%
gyro
34%
j'papillonnais
34%
j'veux
34%
mer
34%
rit
34%
sirènes
34%
t'aime
34%
j'me
33%
J'peux
33%
début
32%
j'disais
32%
partir
32%
regard
32%
baisse
31%
cavalière
31%
comment
31%
garde
31%
terres
30%
devenu
29%
d'météo
29%
d'vie
29%
moto
29%
passionnel
29%
vue
29%
deux
28%
j'étais
28%
manière
28%
Même
28%
verre
28%
bien
27%
casanière
27%
ex-æquo
26%
face
26%
l'art
26%
métro
26%
n'envie
26%
pauvre
26%
qu'dans
26%
sait
26%
tellement
26%
teste,
26%
j'repense
25%
Petit
25%
quais
25%
rhum
25%
route
25%
soir
25%
parle
24%
ser-po
24%
travaille,
23%
degrés
22%
j'vois
22%
l'air,
21%
sillonner
21%
vivre
21%
d'GTO
19%
l'verre
19%
trams
17%
j'vais
12%
Aucun quiz correspondant
Distribution des résultats
% des personnes avec chaque résultat
Percentile par nombre de réponses
Votre historique - résultats
Vous n’avez pas pris ce quiz